| 000 | 00744nam a2200253Ia 4500 | ||
|---|---|---|---|
| 003 | OSt | ||
| 005 | 20220925204917.0 | ||
| 006 | a|||||r|||| 00| 0 | ||
| 007 | ta | ||
| 008 | 220923b |||||||| |||| 00| 0 eng d | ||
| 037 | _cGeneral Book | ||
| 040 |
_aRTL _cRTL _beng |
||
| 041 |
_2eng _aeng |
||
| 082 | _aY12:6.1.N7, L6 | ||
| 100 |
_aFuchs Estelle Ed. _9134540 |
||
| 245 | 0 |
_aYouth in changing world _b Cross cultural perspecti |
|
| 260 |
_aHague _bMouton _c1976 |
||
| 300 |
_axiii, 346p _ccm. |
||
| 490 | _aWorld Anthropology. Ed by Sol Tax | ||
| 500 | _aBibliography chapterwise | ||
| 650 |
_aYouth Revolt _9233159 |
||
| 942 |
_hY12:6.1.N7, L6 _cGB _2CC |
||
| 999 |
_c550772 _d550772 |
||